<?xml version="1.0" encoding="UTF-8"?>
<collection xmlns="http://www.loc.gov/MARC21/slim">
 <record>
  <leader>01697aam a22002418a 4500</leader>
  <controlfield tag="001">NCT_62627</controlfield>
  <controlfield tag="008">150629s2015                  ||||||viesd</controlfield>
  <datafield tag="999" ind1=" " ind2=" ">
   <subfield code="c">3031</subfield>
   <subfield code="d">3031</subfield>
  </datafield>
  <datafield tag="020" ind1=" " ind2=" ">
   <subfield code="c">62000</subfield>
  </datafield>
  <datafield tag="082" ind1="0" ind2="4">
   <subfield code="2">23rd ed.</subfield>
   <subfield code="a">615.4</subfield>
   <subfield code="b">B312</subfield>
  </datafield>
  <datafield tag="100" ind1="1" ind2=" ">
   <subfield code="a">Nguyễn Thanh Bình</subfield>
   <subfield code="e">Chủ biên</subfield>
  </datafield>
  <datafield tag="245" ind1="1" ind2="0">
   <subfield code="a">Kỹ năng giao tiếp và thực hành tốt tại nhà thuốc :</subfield>
   <subfield code="b">Dùng cho dược sĩ và học viên sau đại học</subfield>
   <subfield code="c">Nguyễn Thanh Bình, Lê Viết Hùng (chủ biên)</subfield>
  </datafield>
  <datafield tag="260" ind1=" " ind2=" ">
   <subfield code="a">H.</subfield>
   <subfield code="b">Giáo dục Việt Nam</subfield>
   <subfield code="c">2011</subfield>
  </datafield>
  <datafield tag="300" ind1=" " ind2=" ">
   <subfield code="a">235 tr.</subfield>
   <subfield code="b">Bảng</subfield>
   <subfield code="c">27cm</subfield>
  </datafield>
  <datafield tag="500" ind1=" " ind2=" ">
   <subfield code="a">ĐTTS ghi: Bộ Y tế</subfield>
  </datafield>
  <datafield tag="520" ind1="3" ind2=" ">
   <subfield code="a">Trình bày các kỹ năng giao tiếp cơ bản tại nhà thuốc như lắng nghe và đồng cảm với người bệnh, tham vấn và đánh giá, hiểu biết về người bệnh, giao tiếp trong các tình huống đặc biệt và một số kỹ năng thực hành cơ bản về hệ thống quản lý chất lượng dịch vụ dược, quản trị mua hàng và tồn trữ, bảo quản và tồn trữ, cấp phát thuốc...</subfield>
  </datafield>
  <datafield tag="653" ind1=" " ind2=" ">
   <subfield code="a">Dược học</subfield>
  </datafield>
  <datafield tag="700" ind1="1" ind2=" ">
   <subfield code="a">Nguyễn Quang Việt</subfield>
  </datafield>
  <datafield tag="700" ind1="1" ind2=" ">
   <subfield code="a">Lê Viết Hùng</subfield>
   <subfield code="e">Chủ biên</subfield>
  </datafield>
  <datafield tag="942" ind1=" " ind2=" ">
   <subfield code="2">ddc</subfield>
   <subfield code="c">BK</subfield>
  </datafield>
  <datafield tag="952" ind1=" " ind2=" ">
   <subfield code="0">0</subfield>
   <subfield code="1">0</subfield>
   <subfield code="2">ddc</subfield>
   <subfield code="4">0</subfield>
   <subfield code="6">615_400000000000000_B312</subfield>
   <subfield code="7">0</subfield>
   <subfield code="9">16455</subfield>
   <subfield code="a">000001</subfield>
   <subfield code="b">000001</subfield>
   <subfield code="d">2019-04-09</subfield>
   <subfield code="l">3</subfield>
   <subfield code="o">615.4 B312</subfield>
   <subfield code="p">MD.14995</subfield>
   <subfield code="r">2020-10-20</subfield>
   <subfield code="s">2020-09-16</subfield>
   <subfield code="v">62000.00</subfield>
   <subfield code="w">2019-04-09</subfield>
   <subfield code="y">BK</subfield>
  </datafield>
  <datafield tag="952" ind1=" " ind2=" ">
   <subfield code="0">0</subfield>
   <subfield code="1">0</subfield>
   <subfield code="2">ddc</subfield>
   <subfield code="4">0</subfield>
   <subfield code="6">615_400000000000000_B312</subfield>
   <subfield code="7">0</subfield>
   <subfield code="9">16456</subfield>
   <subfield code="a">000001</subfield>
   <subfield code="b">000001</subfield>
   <subfield code="d">2019-04-09</subfield>
   <subfield code="o">615.4 B312</subfield>
   <subfield code="p">MD.14996</subfield>
   <subfield code="r">2019-04-09</subfield>
   <subfield code="v">62000.00</subfield>
   <subfield code="w">2019-04-09</subfield>
   <subfield code="y">BK</subfield>
  </datafield>
  <datafield tag="980" ind1=" " ind2=" ">
   <subfield code="a">Thư viện Trường Đại học Nam Cần Thơ</subfield>
  </datafield>
 </record>
</collection>
